000 00866nam a2200253Ia 4500
003 OSt
005 20220923223225.0
006 a|||||r|||| 00| 0
007 ta
008 220922b |||||||| |||| 00| 0 hin d
024 _a212,296
037 _cTextual
040 _aARTS
_cARTS
_bhin
041 _2hin
_ahin
082 _aO152,3N32x, N3
100 _aशर्मा, यादवेन्द्र चन्द्र
_9158326
245 0 _aजमीन का टुकड़ा
246 _aJamīn kā ṭukaड़ā
260 _aदिल्ली
_b जगतराम एंड सन्स
_c1993
300 _a147पृ.
_ccm.
650 _aहिन्दी साहित्य
_9156264
942 _hO152,3N32x, N3
_cTEXL
_2CC
999 _c362570
_d362570